000 00333nam a2200133Ia 4500
005 20260326235447.0
008 260326s9999||||xx |||||||||||||| ||und||
100 _aCejka, Jan
245 0 _aTendencias de la Arquitectura Contemporánea /
_cJan Cejka
260 _bGustavo Gili
300 _a136 p.
650 _aHISTORIA
942 _cBK
999 _c7610
_d7610